El libro de la selva / (Record no. 86792)

MARC details
000 -LEADER
campo de control de longitud fija 00621nam a2200193 i 4500
001 - NÚMERO DE CONTROL
campo de control 86792
003 - IDENTIFICADOR DE NÚMERO DE CONTROL
campo de control ES-MaACL
005 - FECHA Y HORA DE LA ÚLTIMA TRANSACCIÓN
campo de control 20250522202634.0
007 - CAMPO FIJO DE DESCRIPCIÓN FÍSICA--INFORMACIÓN GENERAL
campo de control de longitud fija t|
008 - DATOS DE LONGITUD FIJA--INFORMACIÓN GENERAL
campo de control de longitud fija 041215s1973 sp ||||1| spa d
100 1# - ENTRADA PRINCIPAL--NOMBRE DE PERSONA
Nombre de persona Kipling, Rudyard,
Fechas asociadas al nombre 1865-1936
9 (RLIN) 68087
245 13 - MENCIÓN DEL TÍTULO
Título El libro de la selva /
Mención de responsabilidad, etc. Rudyard Kipling ; traducido del inglés por Ramón D. Perés.
260 ## - PUBLICACIÓN, DISTRIBUCIÓN, ETC.
Lugar de publicación, distribución, etc. Barcelona :
Nombre del editor, distribuidor, etc. Gustavo Gili,
Fecha de publicación, distribución, etc. [1973]
300 ## - DESCRIPCIÓN FÍSICA
Extensión 236 p. ;
Dimensiones 19 cm.
500 ## - NOTA GENERAL
Nota general Premio Nobel de Literatura.
700 1# - ENTRADA AGREGADA--NOMBRE PERSONAL
Nombre de persona Perés, Ramón D.,
Fechas asociadas al nombre 1863-1956
9 (RLIN) 90527
852 ## - LOCALIZACIÓN
Ubicación ES-MaACL
Número de control de estantería C-54126
Sublocalización o colección R.87073
Holdings
Estatus retirado Estado de pérdida Estado de daño No para préstamo Biblioteca de origen Biblioteca actual Ubicación en estantería Fecha de adquisición Fuente de adquisición Total de préstamos Signatura topográfica completa Código de barras Visto por última vez Precio de reemplazo Tipo de ítem Koha
        Biblioteca del Ateneo de Madrid Biblioteca del Ateneo de Madrid Depósito 2 17/01/2008     C-54126 1090684 23/02/2023 23/02/2023 Libro impreso